000 00492pab a2200181 454500
008 180718b2004 xxu||||| |||| 00| 0 eng d
100 _aChunn, Dorothy E.
245 _aWelfare law, welfare fraud, and the moral regulation of the `Never Deserving' poor
260 _c2004
300 _ap.219-43.
362 _aJun
650 _aSocial welfare
650 _aPoor
650 _aSocial security
700 _aGavigan, Shelley A.M.
773 _aSocial and Legal Studies
909 _a60840
999 _c60840
_d60840